01007nam a2200289 a 450000100060000000300080000600500170001400800410003102000150007202000150008703500190010203500120012104000270013304100080016008200220016810000280019024501170021826000480033530000210038350400510040465000230045565000260047865000440050494200120054899900170056095201400057733279BD-RjUL20211209051959.0140507r19881979enk b 00110 eng d a0333272935 a0333272943 a(BD-RjUL)33370 a1166557 aANLcANLbengdBD-RjUL aeng04a301219bGIC 19881 aGiddens, Anthony.9624510aCentral problems in social theory :baction, structure, and contradiction in social analysis /cAnthony Giddens. aLondon :bMacmillan,c1979 [Reprinted 1988] a294 p. ;c23 cm. aIncludes bibliographical references and index. 0aSociology.9101064 0aStructuralism.990532 0aFunctionalism (Social sciences)9101065 2ddccBK c33279d33279 00102ddc40718NFICaRUCLbRUCLcReadingd1990-02-05eAbacus Londong10.95l0o301 GIC 1988r2014-05-07 00:00:00tC-1w2014-05-07yBK